000 00514nam a2200181Ia 4500
001 20387
005 20260306172802.0
008 260306t2013||||xx |||||||||||||| ||spa||
041 _aESP
082 _a343.2C13
_bG96 2013 T. 1
100 _aGutiérrez Camacho, Walter
_eAUT
245 0 _aLa constitución comentada:
_banálisis artículo por artículo: obra colectiva por 166 destacados jurístas del país
260 _c2013
300 _a
_c
650 _aGEN
654 _aCDE
942 _cLIB
_dJUS
_fJUS
_2ddc
_n
999 _c20387
_d20387